Treated carbon blacks for enhanced processability (Record no. 71509)

MARC details
000 -LEADER
fixed length control field 00422nam a2200121Ia 4500
100 ## - MAIN ENTRY--AUTHOR NAME
Personal name Ghosal R
245 #0 - TITLE STATEMENT
Title Treated carbon blacks for enhanced processability
260 ## - PUBLICATION, DISTRIBUTION, ETC. (IMPRINT)
Name of publisher India Rubber Expo & Tyre Show 2013. Conference & Workshop Abstracts, 22-24 January 2013, Mumbai, India. pp. 21-24.
650 ## - SUBJECT ADDED ENTRY--TOPICAL TERM
Topical Term Carbon black
650 ## - SUBJECT ADDED ENTRY--TOPICAL TERM
Topical Term Treated carbon black
942 ## - ADDED ENTRY ELEMENTS (KOHA)
Koha item type Journals
Holdings
Withdrawn status Lost status Damaged status Not for loan Home library Current library Shelving location Date acquired Koha item type
      Journals RRII Library RRII Library Rubber technology 01/01/2016 Journals